00803cam a2200241 a 4500999001500000001000500015003000900020005001700029008004100046020001500087020001800102040003800120082001800158100002300176245003900199260003700238300004100275490002200316504005100338650002900389942001200418952013100430 c2805d28053416BD-DhUAP20210130155250.0200227s1995 bg abf b f000 0 eng  a3764359641 a9783764359645 aBD-DhUAPcBD-DhUAPdBD-DhUAPbEng00a720.9 GAS223 aGast, Klaus-Peter. aLouis I. Kahn /cKlaus-Peter Gast. aBasel : bBirkhäuser,c©1999. a190 pages :billustrations ;c25 cm. aStudio paperback. aIncludes bibliographical references and index. aKahn, Louis I. -- Opere. 2ddccBK 00102ddc4070aUAPCLbUAPCLcGeneral Stacksd2020-02-27l1o720.9 GASp3010003416r2023-03-02s2022-12-06t1w2020-02-27yBK